000 00739nam a22002057a 4500
008 250626s1894 xxk||||| |||| 00| 0 eng d
041 _aeng
240 _aMeasurement of Plumber Work 1894
245 _aRules and regulations for the measurement of plumber work in Glasgow and neighbourhood
_b1895
260 _aGlasgow,
_bStrathern & Freeman,
_c1895
300 _a21cm, 7p.
_bpamphlet
500 _aDonated by Mr John M Calder
505 _aCollaborative title by the Glasgow Institute of Architects, the Glasgow Institute of Measurers and the Glasgow Master Brickbuilders' Association
650 _aPLUMBING
650 _aPLUMBERS
650 _aMEASUREMENT
651 _aScotland
690 _aMeasurement
_96256
942 _n0
999 _c122187
_d122187